000
00266nam a2200109Ia 4500
008
190914s9999||||xx |||||||||||||| ||und||
100
_a
Richard N.Skinner
245
0
_a
Integrated Marketing
260
_a
New York
_b
McGraw Hill
_c
1998
300
_a
12.31
942
_c
BK
999
_c
9975
_d
9975